00730 2200277 4500001002100000005001500021035002000036007000300056008004100059040001700100100002000117245004900137300003900186020001800225041000800243082001000251084001600261090002000277260003700297850001000334250001900344600001400363600003100377990002200408990002200430INLIS00000000000350620260530123053 a0010-0621000038ta260530 0  aSBPUPADbind0 aPiotr Sztompka.1 aSosiologi Perubahan Sosial /cPiotr Sztompka axiv, 3384 hlm. :billus. ;c23 cm. a979-3464-16-x0 aind a303.4 a303.4 PIO s a303.4 PIO s 8-1 aJakarta :bPrenada Media,c2007. aPUPAD aEd. 1. Cet. 3; 4aSosiologi 4aSosiologi Perbuahan Sosial a5928/ARPUS-PDG/08 a5929/ARPUS-PDG/08